000 00450nam a2200181Ia 4500
005 20250423095405.0
008 250422s9999 xx 000 0 und d
020 _a9780849312670
050 _aQR 115 .M35/
100 _aMcLandsborough, Lynne
245 0 _aFood microbiology laboratory
260 _aNew York
260 _bCRC Press
260 _c2005
300 _a179 p
650 _aFood--Microbiology--Laboratory manuals.
942 _cBK
999 _c30131
_d30131